000 00549ntaaa2200181 4500
003 01
005 20251027201207.0
008 0714s1973 ag 01
040 _aAR-BaBN
_bspa
_cAR-BaBN
_eaacr
_dRIC
082 _a220.56009 F39b
100 _aFernández y Fernández, Enrique
_99862
245 _aLas Biblias castellanas del exilio; historia de las Biblias castellanas del siglo XVI. /
_cEnrique Fernández y Fernández,
250 _a1 ed.
260 _aMiami :
_bCaribe,
_c1976
300 _a190 p.
650 _aBiblia-Español
_99523
942 _cBK
999 _c6232
_d6232